Score 0/25 Timer 08:00
0 Plays Today
% Correct
Creed
88.5%
Space Jam
86.9%
The Blind Side
83.7%
Moneyball
82.1%
The Waterboy
82.1%
Million Dollar Baby
80.9%
Ali
79.6%
Remember the Titans
72.8%
Talladega Nights: The Ballad of Ricky Bobby
71%
Blades of Glory
69.7%
Bend It Like Beckham
68.6%
Seabiscuit
65.8%
I, Tonya
65.3%
% Correct
Coach Carter
61.5%
42
59.9%
The Fighter
59%
Any Given Sunday
58.4%
Uncle Drew
50.2%
Leatherheads
49.7%
The Basketball Diaries
40.6%
Trouble with the Curve
35.9%
Million Dollar Arm
25.8%
Hands of Stone
10.7%
The Boxer
7.2%
Trading Paint
7%
Remove Ads.
Support Sporcle.
Get the best of Sporcle when you Go Orange. This ad-free experience offers more features, more stats, and more fun while also helping to support Sporcle. Thank you for becoming a member.

You're not logged in!

Compare scores with friends on all Sporcle quizzes.
OR
Log In

Show Comments

Extras

Top Quizzes Today


Score Distribution

Your Account Isn't Verified!

In order to create a playlist on Sporcle, you need to verify the email address you used during registration. Go to your Sporcle Settings to finish the process.

Report this User

Report this user for behavior that violates our Community Guidelines.

Details: